| 000 | 01110nam a2200241Ia 4500 | ||
|---|---|---|---|
| 008 | 0000001998 ck ad 0000000000spa00 | ||
| 020 | _a9589621333 | ||
| 090 | _aPSP00 S67s1 | ||
| 245 | 1 | 0 |
_aSorolla en gran formato _c/ edición Martha Segura Narango ; fotografias Alberto Franco Aranda |
| 300 |
_a48 p. _c/ 29 cm. |
||
| 500 | _aExposición realizada en Museo Nacional de Colombia, Bogotá, febrero marzo, 1998 \ Incluye biografía del artista \ Proyecto Ganador Programa Apoyos Concertados FGAA 2010 | ||
| 501 | _aJoaquín Sorolla y Bastida / Florencio de SantaAna y Alvarez Osorio Sorolla y Colombia | ||
| 600 | 0 | 0 |
_aSOROLLA, JOAQUIN, 18631923/ _xTRABAJOS PICTORICOS |
| 650 | 1 | 4 | _aARTE CONTEMPORANEO ESPAÑOL |
| 650 | 1 | 4 | _aARTISTAS PLASTICOS ESPAÑOLES EXPOSIONES |
| 650 | 1 | 4 | _xCATALOGOS |
| 650 | 1 | 4 | _xEXPOSICIONES |
| 650 | 1 | 4 | _aPINTORES ESPAÑOLES |
| 650 | 1 | 4 | _aPINTURA AL OLEO |
| 650 | 1 | 4 | _aPINTURA ESPAÑOLA |
| 700 | 1 | _aSegura Naranjo, Martha \ Franco Aranda, Alberto \ SantaAna y Alvarez Osorio, Florencio de | |
| 999 |
_c11317 _d11317 |
||
| 260 |
_aBogotá : Museo Nacional de Colombia _c1998 |
||